[Event "Paris GCT 2017 Blitz"]
[Site "Paris"]
[Date "2017.06.25"]
[Round "13"]
[White "So, Wesley"]
[Black "Grischuk, Alexander"]
[Result "1-0"]
[WhiteElo "2789"]
[BlackElo "2779"]
[Annotator "TA"]
[PlyCount "99"]
[EventDate "2017.??.??"]
[EventType "tourn"]
[EventCountry "FRA"]
[SourceTitle "playchess.com"]
[Source "ChessBase"]
[SourceQuality "1"]

{[%evp 31,98,20,28,10,23,31,38,0,13,0,27,0,25,12,13,25,54,51,60,50,62,45,53,45,170,163,183,162,199,85,383,377,391,209,287,287,280,122,819,256,238,227,237,233,200,198,191,102,102,95,105,113,134,57,45,29,108,118,124,132,426,422,665,581,604,598,866,862,29999]} 1. Nf3 Nf6 2. c4 g6 3. Nc3 Bg7 4. e4 d6 5. d4 O-O 6. Be2 e5 7. O-O Nc6 8. d5 Ne7 9. Ne1 Nd7 10. f3 f5 11. Be3 f4 12. Bf2 g5 13. Rc1 Ng6 14. c5 Nxc5 15. b4 Na6 16. Nb5 Bd7 17. a4 {E99: King's Indian: Classical Main Line: 9 Ne1 Nd7 10 f3 f5} h5 18. Nd3 Rf7 {[#]} 19. Rc4 $146 {[%mdl 1024] White is slightly better. White has compensation.} ({Predecessor:} 19. Rc3 Bf8 20. Qc1 Rg7 {1-0 (45) Indjic,A (2547)-Oleksienko,M (2615) Warsaw 2016}) 19... Bf8 20. Kh1 Rg7 21. Rg1 Nh8 22. g3 fxg3 23. Rxg3 Nf7 24. Qc1 {[%cal Rb5c7]} g4 25. fxg4 hxg4 26. Nxc7 Nxc7 27. Rxc7 Rc8 ({Better is} 27... b6 $14) 28. Rxc8 $18 Bxc8 29. Bxa7 Bd7 30. Be3 (30. Nf2 $1 $18) 30... Qh4 $2 {[%mdl 8192]} (30... Be7 $16 {was called for.}) 31. Nf2 Kh8 32. Qg1 (32. a5 $142) 32... Bxa4 33. Bxg4 {And now Rh3 would win.} ({Weaker is} 33. Rxg4 Rxg4 34. Qxg4 Qxg4 $16) 33... Kg8 34. Be6 (34. Rh3 $18 {has better winning chances.} Qe7 35. Rg3) 34... Bb5 $2 {[%mdl 8192]} (34... Rxg3 $16 35. Qxg3+ Qxg3 36. hxg3 Be7) 35. Rxg7+ $2 (35. Ng4 {Nh6+ would kill now.} Kh8 36. Bxf7 Rxf7 37. Bg5 $1 {[%mdl 512]} Qxg4 38. Bf6+ $1 {[%mdl 512]} Rxf6 39. Rxg4) 35... Bxg7 36. Qg6 Qf6 37. Qxf6 Bxf6 38. Ng4 Kg7 39. Kg2 (39. Nxf6 $18 Kxf6 40. Bc8) 39... Ng5 $16 40. Bf5 Be2 41. Kg3 Bd8 42. h4 ({White should try} 42. Ba7 $16) 42... Nf3 $1 $14 43. Bh6+ Kf7 {[#]} (43... Kg8 $11 {keeps the balance.}) 44. h5 $1 $16 Bh4+ 45. Kg2 Ng5 $2 {[%mdl 8192]} (45... Be7 $16 {was necessary.} 46. Bg6+ Kg8) 46. Bg6+ $18 Ke7 {[#]} (46... Kg8 $142) 47. Ne3 $1 {[%cal Re3f5]} Bf3+ 48. Kh2 {Black must now prevent Nf5+.} Kf6 49. Nf5 {[%csl Gf5][%cal Rh6g7]} Bxe4 50. Bg7# {Precision: White = 37%, Black = 32%.} 1-0

[Event "Paris GCT 2017 Blitz"]
[Site "Paris"]
[Date "2017.06.25"]
[Round "13"]
[White "Vachier-Lagrave, Maxime"]
[Black "Bacrot, Etienne"]
[Result "1-0"]
[WhiteElo "2783"]
[BlackElo "2688"]
[Annotator "TA"]
[PlyCount "66"]
[EventDate "2017.??.??"]
[EventType "tourn"]
[EventCountry "FRA"]
[SourceTitle "playchess.com"]
[Source "ChessBase"]
[SourceQuality "1"]

{[%evp 11,66,12,10,4,4,11,0,-3,32,27,32,28,29,24,90,84,88,83,134,139,127,118,117,119,120,129,125,120,117,94,97,74,76,82,150,119,119,129,124,122,123,96,113,110,142,164,145,150,193,205,194,219,169,139,249,221,220]} 1. Nf3 Nf6 2. b3 d5 3. Bb2 c5 4. g3 Nc6 5. Bg2 g6 6. O-O Bg7 7. Ne5 {A05: Réti Opening: 1 Nf3 Nf6} Nxe5 8. Bxe5 O-O (8... d4 9. e3 O-O 10. exd4 cxd4 11. c4 dxc3 12. dxc3 Qa5 13. Qe1 Bf5 14. c4 Qa6 {½-½ (39) Yu,Y (2737)-Andreikin,D (2743) Moscow 2016}) 9. c4 {The position is equal.} Be6 10. Nc3 d4 11. Na4 $146 ({Predecessor:} 11. Nb5 Qd7 12. Nc7 Rac8 13. Nxe6 Qxe6 14. Bxf6 Bxf6 15. Bxb7 d3 16. Bxc8 Rxc8 17. exd3 Bxa1 18. Qxa1 {1-0 (37) Ornstein,A (2440)-Thornblom,N (2325) Stockholm 1977}) 11... Qc8 12. e3 $36 {[%mdl 2048] White fights for an advantage.} Rd8 (12... Bd7 $11) 13. exd4 $16 cxd4 14. Qf3 Bh3 ({Black should play} 14... Rd7) 15. Qxb7 Bxg2 16. Qxc8 Raxc8 17. Kxg2 Nd7 18. Bxg7 Kxg7 19. Rae1 e5 20. d3 f5 21. f4 Kf6 22. Rf2 g5 (22... Re8 $142) 23. fxe5+ Nxe5 24. Ref1 f4 25. gxf4 Ng4 26. fxg5+ Kg6 27. h4 Ne3+ 28. Kg3 {[#] Threatens to win with Rf6+.White is clearly better.} Nxf1+ 29. Rxf1 Rf8 30. Rxf8 Rxf8 31. Nc5 Rf1 32. Ne6 Rd1 {[#]} (32... Kf7 $16 33. Nxd4 Rd1) 33. Kg4 $1 $18 ({Inferior is} 33. Nxd4 Rxd3+ 34. Nf3 Kf5 $17) 33... Kf7 {Precision: White = 84%, Black = 53%.} 1-0

[Event "Paris GCT 2017 Blitz"]
[Site "Paris"]
[Date "2017.06.25"]
[Round "13"]
[White "Karjakin, Sergey"]
[Black "Topalov, Veselin"]
[Result "1/2-1/2"]
[WhiteElo "2776"]
[BlackElo "2725"]
[Annotator "TA"]
[PlyCount "147"]
[EventDate "2017.??.??"]
[EventType "tourn"]
[EventCountry "FRA"]
[SourceTitle "playchess.com"]
[Source "ChessBase"]
[SourceQuality "1"]

{[%evp 22,147,27,31,28,22,32,26,31,23,28,15,28,23,13,0,0,0,9,0,0,6,36,38,113,45,45,27,29,33,91,75,58,44,44,50,154,125,241,241,212,106,300,298,257,144,170,51,203,215,221,210,260,236,356,181,180,175,188,181,193,183,189,170,362,345,333,333,325,326,283,123,95,62,67,62,91,20,14,20,42,0,25,8,45,54,40,36,72,70,70,72,70,70,71,70,184,183,228,-184,-170,-423,-432,-460,-454,-419,-113,-320,-96,-96,-96,-96,-89,-89,-89,-89,-8,-8,0,-8,0,0,0,0,0,0,0,0]} 1. e4 c5 2. Nf3 d6 3. Nc3 Nf6 4. g3 Nc6 5. Bg2 g6 6. d4 cxd4 7. Nxd4 Nxd4 8. Qxd4 Bg7 9. O-O O-O 10. Qd3 Be6 11. Nd5 Rc8 {B70: Sicilian Dragon: 6 g3 and 6 Be2 (without a later Be3)} 12. c3 {LiveBook: 10 Games} a6 $146 ({Predecessor:} 12... Nxd5 13. exd5 Bf5 14. Qe2 Qd7 15. a4 Rfe8 16. Re1 e5 17. dxe6 Rxe6 18. Be3 Be4 19. Bxe4 Rxe4 {½-½ (40) Van den Doel,E (2571)-Esen,B (2419) Kusadasi 2006}) 13. Re1 Nd7 14. a4 Ne5 15. Qd1 Re8 16. h3 Nc4 17. Kh2 Bd7 18. Re2 b5 19. axb5 Bxb5 20. Rc2 e6 21. Ne3 Rb8 22. b3 Ne5 (22... Nxe3 $14 23. Bxe3 Qc7) 23. c4 (23. Ba3 $16) 23... Bc6 $14 24. Ra3 Qc7 25. Bb2 Qb7 (25... h5 $14) 26. f4 $16 (26. Qxd6 Rbd8 $17) 26... Nd7 27. Bxg7 (27. Qxd6 Bf8 $17) 27... Kxg7 28. Qxd6 Rbd8 ({Black should try} 28... Bxe4 $14 29. Rxa6 Bxg2 30. Rxg2 Qxb3) 29. Qd4+ Kg8 (29... f6 $16 {was worth a try.} 30. Qc3 e5) 30. Ng4 $1 $18 e5 31. fxe5 (31. Qe3 $1 $18) 31... Nxe5 $2 (31... h5 $16 {keeps fighting.} 32. Ne3 h4) 32. Nf6+ Kh8 33. Qe3 (33. Qa1 $18) 33... Re6 $16 {[#]} 34. Nd5 (34. Qc5 $1 $18) 34... Kg7 $2 (34... Bxd5 $1 $14 35. Rd2 (35. cxd5 Rxd5 36. Bf1 Rd1 $15) 35... Rb8 36. cxd5 Rb6) 35. Qc3 $18 f6 36. Rca2 Be8 37. b4 Rc8 (37... Qc8 $142 38. Qa1 Bc6 39. Rxa6 Bxd5 40. cxd5 Rxa6 41. Rxa6 Rf8 42. Ra7+ Kg8) 38. c5 (38. Qa1 $142) 38... Bb5 39. Rf2 {Black must now prevent Rxf6!} Rf8 40. Raa2 h5 41. Rf4 Qb8 42. Raf2 Nd7 $2 (42... Be8 43. Ra2 Bc6) 43. h4 Qe5 44. Bh3 Qxc3 45. Nxc3 Re7 46. Nxb5 (46. Nd5 $18 Ref7 47. Be6) 46... axb5 $16 47. Bf1 Ne5 48. Rc2 ({Much worse is} 48. Bxb5 Rb7 $11) 48... Rd8 49. Kg2 (49. c6 $16) 49... Rd4 $11 50. Rb2 Rb7 51. Rff2 Rxe4 52. Rfe2 $36 {[%mdl 2048] White has good play.} Rd4 53. Red2 Re4 54. Be2 f5 {[#]} 55. Rdc2 $1 f4 {Threatens to win with ...Rxe2+!} 56. gxf4 Rxf4 57. c6 Rc7 58. Rc5 ({Of course not} 58. Bxb5 Rg4+ 59. Kf2 Rf7+ 60. Ke2 Rc7 $14) 58... Kf6 (58... Re4 $14) 59. Bxb5 $18 Rxh4 60. Ba4 $4 {[%mdl 8192]} (60. Rf2+ $18 Ke6 61. Re2 Rg4+ 62. Kh3) 60... Rg4+ 61. Kf1 $2 (61. Kh2 Nd3 62. b5 Nxc5 63. b6) 61... Nd3 $19 62. Rcc2 Nxb2 63. Rxb2 {[%mdl 4096] Endgame KRR-KRB} Rc4 $2 (63... Ke5 $19 64. Re2+ Kd6 65. Rd2+ Ke7) 64. Bb5 $2 (64. b5 $17) 64... R4xc6 $2 (64... Rf4+ $19 {is more deadly.} 65. Kg1 Rg4+ 66. Kf2 Re4) 65. Bxc6 $17 Rxc6 $19 {KR-KR} 66. Kg2 Ke5 67. b5 {[%cal Bb4b5,Bb5b6,Bb6b7][%mdl 32]} Rb6 68. Kg3 g5 (68... Kd4 $17 {Black wants to play ...g5.} 69. Kh4 Kc4) 69. Rh2 $11 {The position is equal.} Rh6 {[#]} (69... Rxb5 $5 {[%cal Rb5b3]} 70. Rxh5 Kf5 $15) 70. b6 $1 {[%mdl 512]} Kd6 (70... Rxb6 $5 {[%cal Rb6b3]} 71. Rxh5 Kf5 $15) 71. Rb2 {Strongly threatening b7.} Rh8 72. b7 Rb8 73. Rb5 Kc6 74. Rxg5 {Precision: White = 51%, Black = 31%.} 1/2-1/2

[Event "Paris GCT 2017 Blitz"]
[Site "Paris"]
[Date "2017.06.25"]
[Round "14"]
[White "Mamedyarov, Shakhriyar"]
[Black "Karjakin, Sergey"]
[Result "0-1"]
[WhiteElo "2784"]
[BlackElo "2776"]
[Annotator "TA"]
[PlyCount "124"]
[EventDate "2017.??.??"]
[EventType "tourn"]
[EventCountry "FRA"]
[SourceTitle "playchess.com"]
[Source "ChessBase"]
[SourceQuality "1"]

{[%evp 20,124,31,25,85,73,81,77,76,4,70,-12,0,-67,-61,-66,0,-17,-3,-7,-12,-2,0,-25,0,0,0,-2,0,-4,-23,-119,-121,-174,-181,-252,-153,-251,-256,-277,-250,-263,-253,-377,-228,-228,-227,-226,-225,-208,-183,-193,-173,-221,-225,-224,-184,-387,-319,-336,-335,-368,-335,-334,-327,-362,-324,-344,-262,-312,-65,-72,-3,-3,-3,-3,-3,-3,-3,-3,-3,-3,-3,-3,-3,-3,-3,-4,-4,-5,-3,-3,0,-3,-3,-3,-3,-3,-3,-3,-3,-3,-3,-3,0,-29991,-29992]} 1. d4 Nf6 2. c4 e6 3. Nc3 Bb4 4. Nf3 b6 5. e3 {[%cal Be2e3,Be3d4,Bd4d5][%mdl 32]} Bb7 6. Bd3 O-O 7. O-O c5 8. Na4 cxd4 9. exd4 Bxf3 {E43: Nimzo-Indian: Rubinstein: 4...b6} (9... Be7 10. Bf4 Na6 11. Rc1 Rc8 12. Qe2 d6 13. a3 Nc7 14. Rfe1 Re8 15. b4 h6 16. Nc3 Bf8 17. Rcd1 Qd7 {0-1 (52) Salem,A (2656)-Jobava,B (2702) Doha 2016}) 10. Qxf3 Nc6 11. Be3 {LiveBook: 7 Games} e5 (11... Be7 $11) 12. d5 $16 e4 $146 ({Predecessor:} 12... Ne7 13. a3 Bd6 14. Nc3 Ng6 15. Rad1 h6 16. g3 Rc8 17. Rfe1 {½-½ (38) Radjabov,T (2567)-Kallio,H (2517) Leon 2001}) 13. Bxe4 Ne5 14. Qf4 (14. Qf5 $1 $16) 14... Re8 (14... Bd6 $1 $11) 15. Bf3 (15. Bf5 $14) 15... Bd6 16. Qd4 (16. b3 $11) 16... Nxf3+ (16... b5 $5 17. cxb5 Nxf3+ 18. gxf3 Qb8 $11) 17. gxf3 Qc7 (17... b5 $15 18. cxb5 Re5) 18. Nc3 Bxh2+ (18... Be5 $5 {[%cal Re5d4]} 19. Nb5 Qc8 $11) 19. Kg2 $1 Be5 20. Nb5 Qd8 21. Qd3 Bxb2 (21... Nh5 $5 {[%cal Re5f4]} 22. Rh1 g6 $15) 22. Rab1 Be5 $36 {[%mdl 2048] White is under pressure.} 23. Rh1 a6 24. Nd4 g6 25. Rh3 {[#]} (25. Nf5 $11 {keeps the balance.}) 25... b5 $1 $17 {[%cal Rb5c4]} 26. cxb5 (26. Nf5 $17 {is a better defense.}) 26... Nxd5 $19 27. bxa6 (27. b6 $142) 27... Qf6 28. Nb5 (28. Nc2 $17 {was worth a try.} Nxe3+ 29. Nxe3) 28... Nxe3+ 29. Qxe3 Bf4 ({Weaker is} 29... Qxa6 30. Qh6 $17) 30. Qd3 Rxa6 31. a3 (31. Nc3 {was necessary.}) 31... Rae6 {White must now prevent ...Re2.} 32. Nc3 Qg5+ 33. Kf1 Rd6 34. Qb5 Qxb5+ 35. Rxb5 Kg7 36. Rh4 g5 37. Rh1 Rd3 38. Ne4 $2 (38. Nd5) 38... d5 39. Nc5 Rxf3 ({But not} 39... Rxa3 40. Kg2 $19) 40. a4 Ra3 41. Kg2 Re2 42. Rf1 h6 43. a5 Bd6 44. Nb3 Rb2 $2 ({Black should play} 44... Be5 $19 {Hoping for ...Bc3.} 45. Rd1 Raa2) 45. Nd4 $15 {[#]} Be5 ({Better is} 45... Bb4 $1 $17 {[%cal Rb4c3] Threatens to win with ...Bc3.} 46. Rb6 Rxa5 47. Nf5+ Kg8 48. Nxh6+ Kf8) 46. Rxb2 $11 Bxd4 {[%mdl 4096] Endgame KRR-KRB} 47. Rb5 Bc3 48. Rxd5 {Strongly threatening Rd3.} Rxa5 49. Rxa5 Bxa5 {KR-KB} 50. Kg3 Bc7+ 51. Kf3 Kg6 52. Rc1 Be5 53. Rc8 (53. Ke4 $5 {[%cal Re4e5]} Bb2 54. Rb1 f5+ 55. Ke3 $11) 53... h5 {[%cal Bh6h5,Bh5h4,Bh4h3,Bh3h2][%mdl 32]} 54. Ke4 f6 55. Rg8+ Kf7 56. Rh8 h4 57. Kf5 Kg7 58. Ra8 h3 59. Ra7+ Kh6 60. Rb7 h2 61. Rb1 Kh5 {aiming for ...Kh4.} 62. Rb8 $2 {[%mdl 8192]} (62. Rb7 $11 Kh6 63. Rb1) 62... Bxb8 {Precision: White = 43%, Black = 47%.} 0-1

[Event "Paris GCT 2017 Blitz"]
[Site "Paris"]
[Date "2017.06.25"]
[Round "14"]
[White "Caruana, Fabiano"]
[Black "So, Wesley"]
[Result "1-0"]
[WhiteElo "2782"]
[BlackElo "2789"]
[Annotator "TA"]
[PlyCount "89"]
[EventDate "2017.??.??"]
[EventType "tourn"]
[EventCountry "FRA"]
[SourceTitle "playchess.com"]
[Source "ChessBase"]
[SourceQuality "1"]

{[%evp 10,89,22,29,22,16,27,19,26,21,19,15,20,25,8,13,27,21,16,18,12,12,18,0,0,-4,0,-21,-7,-2,0,-48,-43,-55,99,95,81,103,165,-16,260,266,517,509,484,378,516,508,814,444,581,598,597,590,583,598,582,570,565,459,463,479,468,466,451,441,609,607,603,599,598,591,879,729,862,655,689,684,815,653,836,836]} 1. c4 e6 2. Nc3 Nf6 3. e4 d5 4. cxd5 exd5 5. e5 Ne4 6. Nf3 Bf5 {A18: English Opening: Flohr-Mikenas System (1 c4 Nf6 2 Nc3 e6 3 e4)} 7. Be2 Be7 8. O-O Nc6 {[%cal Bb8c6,Bc6a5,Ba5c4][%mdl 32] The position is equal.} (8... O-O 9. Qb3 Nc6 10. Nxd5 Bc5 11. Ne3 Bg6 12. Qxb7 Nd4 13. Nxd4 Bxd4 14. d3 {1-0 (31) So,W (2822)-Onischuk,A (2667) Saint Louis 2017}) 9. d3 $146 ({Predecessor:} 9. d4 O-O 10. Bd3 Qd7 11. Re1 Nxc3 12. bxc3 Nd8 13. Ng5 Bg6 14. e6 Nxe6 15. Nxe6 fxe6 16. Bxg6 hxg6 {½-½ (33) Zhou,J (2578)-Sasikiran,K (2682) Hyderabad 2015}) 9... Nxc3 10. bxc3 O-O 11. d4 Qd7 12. Bd3 Na5 13. Re1 Nc4 14. Rb1 Bxd3 15. Qxd3 b5 16. Nd2 Rab8 17. Nb3 Rb6 18. Bf4 Qg4 19. Bg3 Qg6 20. Qf3 a5 {aiming for ...a4.} 21. Rbd1 Qc2 $2 (21... c6 $15 {keeps the upper hand.}) 22. Qxd5 $16 Qxa2 23. Nc5 Rd8 (23... Bxc5 $16 {was necessary.} 24. Qxc5 c6) 24. Nd7 $2 ({White should play} 24. Qe4 $1 $18) 24... c6 $2 {[%mdl 8192] [#]} (24... Qc2 $1 $11 25. Nxb6 Rxd5 26. Nxd5 Bd8) 25. Qe4 $1 $18 {And now e6 would win.} Ra6 $2 (25... Rxd7 26. e6 Nd6 27. exd7 Nxe4 28. Rxe4 {[#]} Qe6 $1 {[%mdl 512]} 29. Rxe6 fxe6) 26. e6 {Intending exf7+ and mate.} f6 27. d5 cxd5 28. Qxd5 {White is clearly winning.} Qb3 (28... Kh8 $142 29. Qxb5 Raa8) 29. Qb7 {White wants to mate with Nxf6+!} Rxe6 30. Qd5 Nd2 31. Qxb3 ({Weaker is} 31. Qxe6+ Qxe6 32. Rxe6 Rxd7 $16) 31... Nxb3 32. Rxe6 Kf7 33. Ree1 a4 34. Bc7 Rc8 35. Bd6 Bxd6 36. Rxd6 Rxc3 37. Nb6 a3 38. Nd5 Rc4 39. Ra6 b4 40. Ra4 Nc1 41. Rxb4 a2 42. Rb7+ Kg6 43. Ra7 Rc2 44. Nb4 Rb2 45. Rxc1 {Precision: White = 62%, Black = 34%.} 1-0

[Event "Paris GCT 2017 Blitz"]
[Site "Paris"]
[Date "2017.06.25"]
[Round "14"]
[White "Grischuk, Alexander"]
[Black "Carlsen, Magnus"]
[Result "1/2-1/2"]
[WhiteElo "2779"]
[BlackElo "2851"]
[Annotator "TA"]
[PlyCount "92"]
[EventDate "2017.??.??"]
[EventType "tourn"]
[EventCountry "FRA"]
[SourceTitle "playchess.com"]
[Source "ChessBase"]
[SourceQuality "1"]

{[%evp 20,92,17,12,30,22,16,12,21,8,4,19,7,-21,-21,-26,-26,-21,19,1,7,4,64,64,64,64,79,79,79,79,79,79,83,73,78,69,77,81,81,77,81,81,156,157,179,82,106,33,22,0,0,0,21,21,21,21,21,21,21,3,18,0,19,7,108,0,0,0,0,0,0,0,10,0,0]} 1. d4 Nf6 2. c4 e6 3. Nf3 d5 4. Nc3 c6 5. Bg5 Nbd7 6. e3 Qa5 7. Nd2 dxc4 8. Bxf6 Nxf6 9. Nxc4 Qc7 10. Rc1 Be7 11. g3 O-O {D52: Queen's Gambit Declined: Cambridge Springs Variation} 12. Bg2 Rd8 13. O-O Bd7 14. Qb3 (14. e4 Be8 15. e5 Nd5 16. Ne4 Nb6 17. Ncd6 Nc8 18. Nxe8 Rxe8 19. f4 {½-½ (41) Eljanov,P (2753)-Blagojevic,D (2481) Reykjavik 2015}) 14... Rac8 15. Rfd1 Be8 16. Ne4 $146 ({Predecessor:} 16. a4 Nd5 17. Ne4 b6 {½-½ (17) Wiedenkeller,M (2454)-Thorhallsson,T (2454) Saint Vincent 2005}) 16... Nxe4 17. Bxe4 b5 18. Nd2 h6 19. Bg2 c5 20. dxc5 Bc6 (20... Qb8 $1 $11) 21. Bxc6 $14 Qxc6 22. Qa3 Rd5 {And now ...Qd7 would win.} 23. Nb3 {Rxd5 is the strong threat.} ({Reject} 23. Qxa7 Bxc5 24. Qa5 Rcd8 $11) 23... Rxd1+ 24. Rxd1 Bxc5 25. Nxc5 Qxc5 $16 {[%mdl 4096] Endgame [#] KQR-KQR} 26. Rd8+ $1 {[%mdl 512]} Kh7 (26... Rxd8 27. Qxc5) 27. Qd3+ f5 $1 28. Rxc8 Qxc8 29. Qxb5 {KQ-KQ} Qc1+ 30. Kg2 Qb1 ({Black should try} 30... Qc2) 31. Qa4 Qd3 32. Qd4 (32. Qc6 $18 {and White stays clearly on top.}) 32... Qa6 33. a3 ({White should play} 33. b3 $16) 33... Qc6+ $14 34. Kg1 Qc1+ $1 35. Kg2 Qc6+ 36. e4 fxe4 37. Qe3 a6 38. b4 Kg8 39. g4 (39. Qc5 $5 {[%cal Rc5c6]} Qd7 40. h4 $14) 39... Qd5 40. h3 Qc4 41. Qc5 Qd3 {[#]} (41... Qe2 $11 {keeps the balance.}) 42. Qc8+ (42. a4 $1 $16) 42... Kf7 $11 {The position is equal.} 43. Qc7+ Kg8 44. Qc8+ Kf7 45. Qc7+ Kg8 46. Qc8+ Kf7 {Precision: White = 43%, Black = 67%.} 1/2-1/2

[Event "Paris GCT 2017 Blitz"]
[Site "Paris"]
[Date "2017.06.25"]
[Round "14"]
[White "Topalov, Veselin"]
[Black "Vachier-Lagrave, Maxime"]
[Result "1/2-1/2"]
[WhiteElo "2725"]
[BlackElo "2783"]
[Annotator "TA"]
[PlyCount "133"]
[EventDate "2017.??.??"]
[EventType "tourn"]
[EventCountry "FRA"]
[SourceTitle "playchess.com"]
[Source "ChessBase"]
[SourceQuality "1"]

{[%evp 24,133,0,0,80,72,56,75,53,26,24,21,19,15,38,41,25,19,41,46,34,35,41,10,14,12,47,11,40,36,35,33,44,-13,-13,-16,-19,-21,-10,-14,-2,-4,17,17,22,24,24,24,26,27,39,33,80,77,77,72,79,43,77,53,53,53,64,70,74,74,91,91,108,93,144,110,195,192,176,162,148,100,145,85,112,48,48,48,48,48,48,48,48,48,48,48,48,48,48,48,48,48,48,48,48,48,48,48,48,17,48,48,48,48,48,0]} 1. c4 e5 2. g3 Nf6 3. Bg2 d5 4. cxd5 Nxd5 5. Nf3 Nc6 6. O-O Nb6 7. b3 Bd6 8. Nc3 O-O 9. Bb2 Re8 10. d3 Bf8 11. Rc1 Bg4 12. h3 Bh5 13. Ne4 {LiveBook: 8 Games. A29: English Opening: Four Knights Variation with 4 g3} Nd4 (13... f6 $11 {keeps the balance.}) (13... f6 14. Nc5 Bxc5 15. Rxc5 Qd6 16. Qc1 Bf7 17. Nh4 Nd5 18. Nf5 Qd7 19. Ne3 Nxe3 20. Qxe3 Nd8 {0-1 (68) Tregubov,P (2582)-Fressinet,L (2700) Gibraltar 2016}) 14. Nxd4 $16 exd4 15. g4 $146 ({Predecessor:} 15. Re1 Bb4 16. Nd2 Qg5 17. Rc2 Rad8 18. a3 Bxd2 19. Qxd2 Qxd2 20. Rxd2 c6 {1-0 (91) Bihari,M (1992)-Szijarto,C (2105) Hungary 2014}) 15... Bg6 16. Nc5 Bxc5 17. Rxc5 c6 18. Qd2 Qe7 19. Rc2 Rad8 20. Qf4 Qd6 21. Qxd6 Rxd6 22. Bf3 f6 23. a4 {[%cal Ba2a4,Ba4a5,Ba5b6][%mdl 32]} Bf7 24. Ba3 Rd7 25. Rb1 Bd5 26. a5 Bxf3 27. axb6 Bd5 $1 28. Bc5 ({White should play} 28. bxa7 $14 b6 29. Bb2) 28... a6 $11 29. f3 {[#]} h5 $1 {[%mdl 512]} 30. Kf2 (30. gxh5 Kh7) 30... Kf7 31. b4 Rh8 32. Rg1 hxg4 33. hxg4 Rh2+ 34. Kg3 Rh8 35. Rcc1 Rdd8 36. Rh1 Rhe8 37. Kf2 Re6 38. Rh2 Bb3 39. Ke1 Re5 40. Kd2 Ba4 41. Rc4 Red5 42. Rh5 R5d7 43. Rc1 Bb5 44. Rf5 Rd5 {[#]} 45. Rf4 $1 R8d7 46. Re4 Ba4 (46... a5 $142) 47. f4 Bb3 (47... a5 $16) 48. Ra1 $18 f5 49. gxf5 Rxf5 50. Rg1 g6 51. Rg5 (51. Bxd4 $142 Bd5 52. Re5) 51... Be6 52. Rxf5+ ({Don't take} 52. Rxd4 Rxd4 53. Rxf5+ (53. Bxd4 Rxf4 54. e4 Rg4 $14) 53... gxf5 $14) ({White should try} 52. Bxd4 $16 Rd8 53. Bc3) 52... gxf5 $14 53. Rxd4 Rxd4 54. Bxd4 $16 {[%mdl 4096] Endgame KB-KB} Bd5 55. Bc5 Ke6 56. Kc3 Bg2 57. Kd4 Bf1 58. e4 Be2 59. Ke3 Bf1 60. Bf8 Bg2 61. Kd4 Bf1 62. Bg7 Be2 63. Bh6 (63. Ke3 $5 {[%cal Re3e2]} Bg4 64. Bb2 $14) 63... Bg4 64. Kc5 Bh3 65. Bg5 {White is slightly better.} Bg4 66. Bh4 Bh3 67. Bg5 {Precision: White = 72%, Black = 58%.} 1/2-1/2

[Event "Paris GCT 2017 Blitz"]
[Site "Paris"]
[Date "2017.06.25"]
[Round "14"]
[White "Bacrot, Etienne"]
[Black "Nakamura, Hikaru"]
[Result "1-0"]
[WhiteElo "2688"]
[BlackElo "2792"]
[Annotator "TA"]
[PlyCount "103"]
[EventDate "2017.??.??"]
[EventType "tourn"]
[EventCountry "FRA"]
[SourceTitle "playchess.com"]
[Source "ChessBase"]
[SourceQuality "1"]

{[%evp 21,103,17,7,-36,-30,-54,-49,-39,-45,-47,-29,-25,-29,-28,9,12,4,9,19,7,66,57,60,70,62,57,123,114,118,114,119,109,119,119,178,38,76,0,0,0,83,64,68,52,116,130,146,149,113,114,272,263,267,250,751,720,703,590,971,935,1712,1586,1578,1475,2522,2252,5414,5398,5398,5093,2347,931,2627,2037,2033,2129,2149,1875,12840,5933,29989,29990,29990,29991]} 1. e4 e5 2. Nf3 Nc6 3. Bb5 Nf6 4. O-O Nxe4 5. d4 Nd6 6. Bxc6 dxc6 7. dxe5 Nf5 8. Qxd8+ Kxd8 9. h3 Bd7 10. Nc3 Kc8 {C67: Ruy Lopez: Berlin Defence: 4 0-0 Nxe4} 11. g4 Ne7 {LiveBook: 8 Games} 12. Kg2 $146 (12. Ng5 $5 {[%cal Rg5f7]} Be8 13. e6 $16) ({Predecessor:} 12. Ng5 Be8 13. f4 h5 14. Kg2 c5 15. Be3 Nc6 16. Rad1 b6 17. e6 f6 18. Nge4 {1-0 (45) Vachier Lagrave,M (2634)-Nisipeanu,L (2668) Germany 2008}) 12... h6 {Black is slightly better.} 13. Be3 b6 14. Rad1 c5 15. Kg3 Bc6 16. Nh4 g5 17. Nf5 Ng6 18. f4 gxf4+ 19. Bxf4 Kb7 20. h4 Re8 (20... h5 $11) 21. Nd5 $14 Re6 22. Rfe1 $1 h5 23. g5 Ne7 (23... Kc8 $14) 24. Nfxe7 $16 Bxe7 25. c4 $1 Bf8 26. Bd2 $1 Bg7 27. Bc3 $1 Rhe8 {[#]} (27... Rd8 $16 {was necessary.}) 28. Kf4 (28. Rf1 $1 $18) 28... a5 29. Kf5 ({White should play} 29. Nf6 $16) 29... Bd7 $11 {aiming for ...Rxe5+.} 30. Kf4 {And now Nxb6! would win.} Bc8 (30... Bc6 $11 {keeps the balance.}) 31. Nf6 Rh8 $1 32. Rd3 Bxf6 (32... a4 $14) 33. exf6 $16 ({Reject} 33. gxf6 $6 Rg8 $11) 33... Rxe1 34. Bxe1 $14 {[%mdl 4096] Endgame KRB-KRB} Be6 35. b3 {Strongly threatening Re3.} Kc6 $2 {[#]} (35... Kc8 $16) 36. a4 $1 $18 Rg8 37. Bc3 Bg4 $2 (37... Rh8 38. Re3 Kd7) 38. Re3 Bd1 39. Re7 Bxb3 40. Be5 {[%csl Ge5][%cal Re7c7]} Bxc4 41. Rxc7+ Kd5 42. Rxf7 Bb3 43. Rd7+ Kc6 44. Rc7+ Kd5 45. f7 {[%cal Rf7g8]} Rf8 46. Bg7 (46. g6 $142 Ke6 47. Bg7) 46... Rxf7+ 47. Rxf7 Bxa4 48. g6 {[%cal Bg5g6,Bg6g7][%mdl 32]} Bc2 49. Kg5 b5 50. Bf6 a4 51. g7 Bh7 52. Rf8 {Precision: White = 77%, Black = 31%.} 1-0